000 00703nam a22001577a 4500
999 _c370959
_d370959
008 201130b ||||| |||| 00| 0 eng d
040 _bger
_cSTAFF
_erda
_aSTAFF
100 _aGroneberg, Frank:
245 _aOldtimer zum Elektro-Auto umgebaut.
_bAutomobil: Ralf Uhlig hat seinen VW Käfer mit einem elektrischen Antrieb ausgestattet. Täglich ist er damit zwischen Eisenhüttenstadt und Frankfurt unterwegs./
_cFrank Groneberg
653 _aFrankfurt (Oder)
773 _dFrankfurt (Oder): Märkisches Verlags- und Druckhaus GmbH & Co KG
_g32. Jahrgang (2020) Nr. 239 vom 13.10.2021, S. 17
_tMärkische Oderzeitung
942 _cA